Inteligentní sítě změní obchodní strategie Vývoj situace v energetickém sektoru, aneb směřuje skutečně ke „Smart Grid”?
Zmeny v produkcii elektrickej energie v nasledujúcej dekáde. Nové trendy a nové segmenty v energetike. Inteligentné siete. Riadenie decentralizovaného dopytu. Synchronizácia malých elektrární a domácností.
Na minha lista:
| Autor principal: | |
|---|---|
| Outros Autores: | |
| Formato: | Capítulo de Livro |
| Idioma: | tcheco |
| Assuntos: | |
| Tags: |
Sem tags, seja o primeiro a adicionar uma tag!
|
MARC
| LEADER | 00000naa a2200000 4500 | ||
|---|---|---|---|
| 001 | 0124377 | ||
| 005 | 20220905104750.7 | ||
| 041 | 0 | |a cze | |
| 044 | |a CZ | ||
| 245 | 1 | 0 | |a Inteligentní sítě změní obchodní strategie |b Vývoj situace v energetickém sektoru, aneb směřuje skutečně ke „Smart Grid”? |c Petr Dvořák, Martin Rapoš |
| 520 | |a Zmeny v produkcii elektrickej energie v nasledujúcej dekáde. Nové trendy a nové segmenty v energetike. Inteligentné siete. Riadenie decentralizovaného dopytu. Synchronizácia malých elektrární a domácností. | ||
| 610 | 2 | 0 | |a trh energetický |
| 610 | 2 | 0 | |a politika energetická |
| 610 | 2 | 0 | |a zdroje energetické |
| 610 | 2 | 0 | |a zdroje energie |
| 610 | 2 | 0 | |a efektívnosť ekonomická |
| 610 | 2 | 0 | |a decentralizácia |
| 100 | 1 | |a Dvořák, Petr | |
| 700 | 1 | |a Rapoš, Martin | |